Szeged. - 1924. március 30., Vasárnap

Elmentve itt :
Bibliográfiai részletek
Dokumentumtípus: Újság
Megjelent: 1924-03-30
Sorozat:Szeged 5 No. 75
Online Access:http://dmarchiv.bibl.u-szeged.hu/4407
LEADER 00466nas a2200145 i 4500
001 delm4407
005 20200414151401.0
008 171213s1924 hu n o 0|| hun d
022 |a 0133-025X 
040 |a SZTE Délmagyarország Archívum  |b hun 
041 |a hun 
245 0 0 |a Szeged. - 1924. március 30., Vasárnap  |h [elektronikus dokumentum] 
260 |c 1924-03-30 
490 0 |a Szeged  |v 5 No. 75 
856 4 0 |u http://dmarchiv.bibl.u-szeged.hu/4407/1/dm_1924_075.pdf  |z Dokumentum-elérés